Directory of Adult and Lifelong Learning in higher Education Institutions/ (Record no. 214790)
[ view plain ]
| 000 -LEADER | |
|---|---|
| fixed length control field | 00740nam a22002177a 4500 |
| 005 - DATE AND TIME OF LATEST TRANSACTION | |
| control field | 20260211122357.0 |
| 010 ## - LCCN (DPL NO) | |
| LC control number | ENG-147806 |
| 020 ## - INTERNATIONAL STANDARD BOOK NUMBER | |
| Terms of availability | 250.00 |
| International Standard Book Number | 8187501065 |
| 035 ## - SYSTEM CONTROL NUMBER | |
| System control number | EN-131338 |
| 037 ## - SOURCE OF ACQUISITION | |
| Source of stock number/acquisition | DBAD |
| 082 ## - DEWEY DECIMAL CLASSIFICATION NUMBER | |
| Classification number | 378 |
| Edition number | 1 |
| 245 ## - TITLE STATEMENT | |
| Title | Directory of Adult and Lifelong Learning in higher Education Institutions/ |
| Statement of responsibility, etc | ed.by l. Raja...[et.al] |
| 250 ## - EDITION STATEMENT | |
| Edition statement | 1 |
| 260 ## - PUBLICATION, DISTRIBUTION, ETC. (IMPRINT) | |
| Place of publication, distribution, etc | New Delhi |
| Name of publisher, distributor, etc | Indian adult education association |
| Date of publication, distribution, etc | 2026 |
| 270 ## - ADDRESS | |
| Address | Indian adult education association |
| City | New Delhi |
| Postal code | 110002 |
| Telephone number | 011-23379306 |
| Electronic mail address | iaeadelhi@gmail.com |
| 300 ## - PHYSICAL DESCRIPTION | |
| Extent | 90p. |
| Dimensions | 24cm(pb) |
| Other physical details | Col.,ill. |
| 700 ## - ADDED ENTRY--PERSONAL NAME | |
| Personal name | L. Raja |
| Relator term | Editor |
| 9 (RLIN) | 87277 |
| 700 ## - ADDED ENTRY--PERSONAL NAME | |
| Personal name | Rajesh |
| Relator term | Editor |
| 9 (RLIN) | 87279 |
| 700 ## - ADDED ENTRY--PERSONAL NAME | |
| Personal name | B. Sanjoy |
| Relator term | Editor |
| 9 (RLIN) | 87280 |
| 942 ## - ADDED ENTRY ELEMENTS (KOHA) | |
| Source of classification or shelving scheme | Dewey Decimal Classification |
| Item type | English Books |
| Classification part | 378 |
| Call number suffix | DIR |
| Withdrawn status | Lost status | Not for loan | Collection code | Home library | Current library | Date acquired | Source of acquisition | Cost, normal purchase price | Full call number | Barcode | Copy number | Cost, replacement price | Koha item type |
|---|---|---|---|---|---|---|---|---|---|---|---|---|---|
| Non-fiction | Patel Nagar | Patel Nagar | 11/02/2026 | Delivery of Books Act Division | 250.00 | 378 DIR | EN-131338 | 1 | 250.00 | English Books |
